[Event "ZMD Open"]
[Site "Dresden"]
[Date "????.??.??"]
[Round "?"]
[White "Shvayger, Y."]
[Black "Sergeev, V."]
[Result "1-0"]
[WhiteElo "2265"]
[BlackElo "2432"]
[PlyCount "91"]
[EventDate "2013.??.??"]

1. e4 c6 2. d4 g6 3. Nc3 d6 4. g3 b5 5. a3 a6 6. Bg2 Nd7 7. Nge2 Bg7 8. O-O e5
9. dxe5 dxe5 10. Qd6 Bb7 11. Rd1 Ngf6 12. Bg5 Qe7 13. Bh3 Nb6 14. a4 Qxd6 15.
Rxd6 Ke7 16. Rdd1 Rhd8 17. a5 Rxd1+ 18. Rxd1 Bc8 19. Bxc8 Nxc8 20. Nc1 Nd6 21.
f4 h6 22. fxe5 hxg5 23. exd6+ Ke6 24. Nb3 Nd7 25. Ne2 c5 26. Rd5 Rc8 27. c3 Be5
28. Kg2 f6 29. c4 b4 30. Nec1 Bxd6 31. Nd3 f5 32. e5 Be7 33. h4 Rc6 34. hxg5
Bxg5 35. Nbxc5+ Nxc5 36. Nxc5+ Rxc5 37. Rxc5 b3 38. Rc6+ Kxe5 39. Rxa6 Kd4 40.
Rb6 Kxc4 41. a6 Be3 42. a7 Bxb6 43. a8=Q Kd3 44. Qa6+ Kc2 45. Qxb6 Kxb2 46.
Qxg6 1-0

[Event "ZMD Open"]
[Site "Dresden"]
[Date "????.??.??"]
[Round "?"]
[White "Petzold, G."]
[Black "Fraczek, D."]
[Result "1/2-1/2"]
[WhiteElo "2238"]
[BlackElo "2422"]
[PlyCount "78"]
[EventDate "2013.??.??"]

1. d4 g6 2. Nf3 Bg7 3. e3 d6 4. b3 f5 5. Bb2 Nf6 6. Be2 O-O 7. O-O c6 8. c4 Qe8
9. d5 Na6 10. Nc3 Bd7 11. Qd2 h6 12. Rfd1 g5 13. Nd4 Nc7 14. Bd3 Ng4 15. f3 Ne5
16. Bb1 c5 17. Nde2 Qf7 18. Qc2 Rad8 19. Ng3 Ng6 20. Nce2 b5 21. Rc1 Rb8 22.
Bxg7 Qxg7 23. Qc3 Qxc3 24. Rxc3 bxc4 25. bxc4 Rb4 26. f4 e5 27. dxe6 Bxe6 28.
Bd3 Na8 29. Rb3 a5 30. Rxb4 axb4 31. a3 b3 32. Rb1 Nb6 33. Rxb3 Nxc4 34. Bxc4
Bxc4 35. Rc3 Ba6 36. Rb3 Bc4 37. Rb6 Rd8 38. Kf2 Ne7 39. e4 Bxe2 1/2-1/2

[Event "ZMD Open"]
[Site "Dresden"]
[Date "????.??.??"]
[Round "?"]
[White "Andre, G."]
[Black "Vogel, R."]
[Result "1-0"]
[WhiteElo "2333"]
[BlackElo "2072"]
[PlyCount "119"]
[EventDate "2013.??.??"]

1. e4 d6 2. d4 Nf6 3. f3 Nbd7 4. Ne2 e5 5. Be3 d5 6. Nbc3 Bb4 7. dxe5 Nxe5 8.
a3 Bxc3+ 9. Nxc3 Be6 10. Bd4 Nc6 11. exd5 Nxd5 12. Nxd5 Nxd4 13. Nxc7+ Qxc7 14.
Qxd4 Qxc2 15. Bb5+ Ke7 16. Qb4+ Kf6 17. Qd4+ Ke7 18. O-O Rhd8 19. Qb4+ Kf6 20.
Rf2 Qf5 21. Ba4 Rac8 22. Qxb7 Qa5 23. Qb5 Qxb5 24. Bxb5 a5 25. Re2 Rc5 26. Ba4
Rd4 27. Bd1 Re5 28. Kf2 Bc4 29. Rxe5 Kxe5 30. Ke1 Rd7 31. Rc1 Kd4 32. b3 Be6
33. Kd2 g5 34. Rc3 Rb7 35. Rd3+ Kc5 36. Kc3 h5 37. Bc2 Rc7 38. Bd1 Kb5+ 39. Kb2
Rc5 40. Be2 Kb6 41. Re3 Rd5 42. Kc3 Rd8 43. Re5 Rd5 44. Rxd5 Bxd5 45. Bc4 Kc5
46. b4+ axb4+ 47. axb4+ Kd6 48. Kd4 Bb7 49. Bxf7 h4 50. Bh5 Ba6 51. Bg6 h3 52.
g3 Bc8 53. Be4 Bd7 54. Bd3 Bc6 55. Be2 Ke6 56. b5 Ba8 57. b6 Bb7 58. Bd3 Bxf3
59. Be4 g4 60. b7 1-0

[Event "ZMD Open"]
[Site "Dresden"]
[Date "????.??.??"]
[Round "?"]
[White "Baskin, R."]
[Black "Pallas, S."]
[Result "1-0"]
[WhiteElo "2138"]
[BlackElo "1903"]
[PlyCount "55"]
[EventDate "2013.??.??"]

1. e4 c5 2. Nf3 d6 3. d4 cxd4 4. Nxd4 Nf6 5. Nc3 a6 6. Bc4 e6 7. a4 Be7 8. O-O
Nc6 9. Be3 O-O 10. Qe2 Nb4 11. Rad1 Qc7 12. Bb3 d5 13. exd5 exd5 14. h3 b6 15.
Bg5 Bb7 16. Nf5 Bd8 17. Qd2 Qe5 18. Qf4 Bc7 19. Qxe5 Bxe5 20. Be3 Rfe8 21. Bxb6
Rac8 22. Bd4 Rcd8 23. Rfe1 Nc6 24. Bxe5 Nxe5 25. f4 Ng6 26. Rxe8+ Nxe8 27. Bxd5
Bxd5 28. Nxd5 1-0

[Event "ZMD Open"]
[Site "Dresden"]
[Date "????.??.??"]
[Round "?"]
[White "Osmanodja, F."]
[Black "Schnoor, E."]
[Result "1-0"]
[WhiteElo "2290"]
[BlackElo "2059"]
[PlyCount "61"]
[EventDate "2013.??.??"]

1. e4 c5 2. Nf3 d6 3. d4 cxd4 4. Nxd4 Nf6 5. Nc3 a6 6. Be3 e5 7. Nf3 Be7 8. Bc4
O-O 9. O-O Qc7 10. Bb3 Be6 11. Re1 Rc8 12. Re2 b5 13. a4 Bc4 14. axb5 Bxe2 15.
Qxe2 Nbd7 16. bxa6 Nb6 17. Nd2 Bd8 18. Bxb6 Qxb6 19. Ra2 h6 20. Nc4 Qb8 21. Ne3
Rc6 22. Ned5 Ra7 23. Bc4 Qc8 24. b3 Kf8 25. h3 Bb6 26. Nxf6 gxf6 27. Nd5 Bd8
28. Qe3 Qa8 29. Qxh6+ Kg8 30. Ne3 Rxc4 31. Nf5 1-0

[Event "ZMD Open"]
[Site "Dresden"]
[Date "????.??.??"]
[Round "?"]
[White "Efroimski, M."]
[Black "Hentze, M."]
[Result "1-0"]
[WhiteElo "2306"]
[BlackElo "2106"]
[PlyCount "109"]
[EventDate "2013.??.??"]

1. e4 e5 2. Nf3 Nc6 3. Nc3 Nf6 4. Bb5 d6 5. d4 exd4 6. Qxd4 Bd7 7. Bxc6 Bxc6 8.
Bg5 Be7 9. O-O-O O-O 10. h3 Nd7 11. Bxe7 Qxe7 12. Rhe1 Qf6 13. Qxf6 Nxf6 14.
Nd4 Rfe8 15. Nxc6 bxc6 16. f3 Nh5 17. Ne2 Rab8 18. c4 Re5 19. b3 g6 20. Kc2 Rb6
21. Rd2 Kf8 22. Nc1 Nf4 23. g3 Nh5 24. f4 Re6 25. Re3 f5 26. e5 Rb8 27. Ne2 c5
28. Nc3 Nf6 29. Rde2 Ne8 30. g4 Rd8 31. Rd3 Rd7 32. gxf5 gxf5 33. Rd5 Rf7 34.
exd6 Rxe2+ 35. Nxe2 cxd6 36. Ng3 Ke7 37. Rxf5 Rg7 38. Rg5 Rf7 39. Ne2 Ng7 40.
Kd3 Nf5 41. Ke4 Ke6 42. Ng3 Nd4 43. Nh5 Ne2 44. Rg2 Nd4 45. Rg7 Rxg7 46. Nxg7+
Kf6 47. Ne8+ Ke7 48. Nc7 a5 49. Nd5+ Ke6 50. Ne3 Ne2 51. f5+ Kd7 52. Nd5 Ng3+
53. Kf4 Ne2+ 54. Kg5 Ng3 55. Nf6+ 1-0

[Event "ZMD Open"]
[Site "Dresden"]
[Date "????.??.??"]
[Round "?"]
[White "Hess, C."]
[Black "Proschmann, T."]
[Result "1-0"]
[WhiteElo "2273"]
[BlackElo "2091"]
[PlyCount "119"]
[EventDate "2013.??.??"]

1. c4 c5 2. Nc3 g6 3. g3 Bg7 4. Bg2 Nc6 5. a3 e6 6. Nh3 Nge7 7. Nf4 O-O 8. O-O
d6 9. d3 b6 10. Bd2 Rb8 11. b4 Qd7 12. b5 Ne5 13. a4 Bb7 14. e4 a5 15. Rc1 Kh8
16. Be3 Ng8 17. h3 Nf6 18. Nfe2 Qe7 19. f4 Ned7 20. Bf2 Rfd8 21. g4 Ng8 22. Qd2
Re8 23. Rce1 Qd8 24. Ng3 Qc7 25. h4 Ndf6 26. Bf3 Ne7 27. g5 Nd7 28. h5 Kg8 29.
h6 Bh8 30. Bg4 d5 31. e5 dxc4 32. dxc4 Rbd8 33. Qe2 Nf8 34. Bf3 Rd7 35. Bxb7
Qxb7 36. Qe4 Qxe4 37. Ncxe4 Nc8 38. Rd1 Red8 39. Nc3 Rxd1 40. Rxd1 Rxd1+ 41.
Nxd1 Nd7 42. Ne4 Kf8 43. Nb2 Ke8 44. Nd3 Kd8 45. Kg2 Ke8 46. Kf3 Kd8 47. Ke2
Ke8 48. Kd2 Kd8 49. Kc2 Ke8 50. Kb3 Ke7 51. Be3 Ke8 52. Nexc5 bxc5 53. Bxc5 Kd8
54. Bf2 Ne7 55. Nc5 Nxe5 56. fxe5 Bxe5 57. Nb7+ Kc8 58. Nxa5 Bf4 59. b6 Bd2 60.
b7+ 1-0

[Event "ZMD Open"]
[Site "Dresden"]
[Date "????.??.??"]
[Round "?"]
[White "Barthel, A."]
[Black "Herrich, C."]
[Result "1/2-1/2"]
[WhiteElo "2244"]
[BlackElo "2080"]
[PlyCount "44"]
[EventDate "2013.??.??"]

1. e4 c5 2. Nf3 d6 3. d4 cxd4 4. Nxd4 Nf6 5. Nc3 g6 6. Be3 Bg7 7. f3 O-O 8. Qd2
Nc6 9. Bc4 Bd7 10. O-O-O Rb8 11. Bb3 Na5 12. Bh6 Bxh6 13. Qxh6 e5 14. Ndb5
Nxb3+ 15. cxb3 Bxb5 16. Nxb5 d5 17. exd5 Nxd5 18. Kb1 Qd7 19. Nc3 Nxc3+ 20.
bxc3 Qf5+ 21. Kb2 Rbd8 22. Qe3 b6 1/2-1/2

[Event "ZMD Open"]
[Site "Dresden"]
[Date "????.??.??"]
[Round "?"]
[White "Schöne, M."]
[Black "Frey, A."]
[Result "1/2-1/2"]
[WhiteElo "2240"]
[BlackElo "2089"]
[PlyCount "71"]
[EventDate "2013.??.??"]

1. e4 e5 2. Nf3 Nc6 3. Bb5 a6 4. Ba4 Nf6 5. O-O Be7 6. d3 b5 7. Bb3 d6 8. a4 b4
9. Nbd2 O-O 10. Nc4 Be6 11. h3 Rb8 12. Be3 h6 13. Qe2 Re8 14. Kh2 Bf8 15. Rg1
d5 16. exd5 Nxd5 17. Rae1 Nxe3 18. Qxe3 Bd5 19. Ncd2 Qd7 20. Bxd5 Qxd5 21. Qe4
Rbd8 22. Re2 Bc5 23. Qxd5 Rxd5 24. Nb3 Nd4 25. Nfxd4 Bxd4 26. Nxd4 Rxd4 27. b3
f6 28. Rge1 Red8 29. g3 R8d7 30. Kg2 g5 31. Re4 Kf7 32. Kf3 Ke6 33. g4 a5 34.
R1e3 R7d6 35. Ke2 Rxe4 36. dxe4 1/2-1/2

[Event "ZMD Open"]
[Site "Dresden"]
[Date "????.??.??"]
[Round "?"]
[White "Vrublevskaya, O."]
[Black "Faldum, M."]
[Result "1-0"]
[WhiteElo "2176"]
[BlackElo "1886"]
[PlyCount "119"]
[EventDate "2013.??.??"]

1. d4 Nf6 2. c4 g6 3. g3 Bg7 4. Bg2 O-O 5. Nc3 d6 6. Nf3 Nc6 7. O-O a6 8. Bf4
Nh5 9. Be3 e5 10. Qd2 Bg4 11. d5 Ne7 12. Ne1 Nf5 13. Bg5 f6 14. h3 Nhxg3 15.
fxg3 Nxg3 16. Rf2 Bd7 17. Bh6 f5 18. Bxg7 Kxg7 19. Nf3 f4 20. e3 g5 21. exf4
gxf4 22. Re1 Qf6 23. c5 Bf5 24. cxd6 cxd6 25. Nh2 Qg6 26. Qd1 Kh8 27. Ng4 Rae8
28. Ne2 Bxg4 29. hxg4 Qxg4 30. Nxg3 Qxg3 31. Qf3 Qg5 32. Qe4 Rg8 33. Kf1 Rc8
34. Bf3 Qg6 35. Rg2 Qf7 36. Rxg8+ Rxg8 37. Re2 Qe7 38. Rh2 Rc8 39. Rc2 Rg8 40.
Bg2 Qg5 41. Qf3 Qf5 42. Qe4 Qg4 43. Qf3 Qf5 44. Rc1 Rg3 45. Qf2 Qd3+ 46. Kg1
Rg8 47. Kh1 Qf5 48. Rc3 Qg4 49. Qc2 h5 50. Rh3 Rc8 51. Qd2 Kh7 52. Kh2 e4 53.
Bxe4+ Kg7 54. Bf3 Qg6 55. Qd4+ Kg8 56. Be4 Qg5 57. Qf2 Rc4 58. Bd3 Rc5 59. Rf3
Rxd5 60. Bc4 1-0

[Event "ZMD Open"]
[Site "Dresden"]
[Date "????.??.??"]
[Round "?"]
[White "Budzyn, M."]
[Black "Brendel, B."]
[Result "0-1"]
[WhiteElo "2167"]
[BlackElo "2033"]
[PlyCount "90"]
[EventDate "2013.??.??"]

1. e4 Nf6 2. e5 Nd5 3. d4 d6 4. Nf3 Bg4 5. Be2 c6 6. O-O Bxf3 7. Bxf3 dxe5 8.
dxe5 e6 9. Qe2 Nd7 10. c4 Ne7 11. b3 Ng6 12. Bb2 Qc7 13. Re1 Bb4 14. Nc3 Ndxe5
15. a3 Nxf3+ 16. Qxf3 Bd6 17. g3 O-O 18. h4 Ne5 19. Qe2 Nd7 20. Rad1 Rfd8 21.
Ne4 Bf8 22. Ng5 Bc5 23. Kg2 Nf8 24. Ne4 Be7 25. h5 f5 26. Nc3 Bf6 27. h6 Rxd1
28. Rxd1 Rd8 29. hxg7 Bxg7 30. Rh1 Qf7 31. Rd1 Rxd1 32. Qxd1 Qd7 33. Qe2 Qd6
34. Qe3 c5 35. Kh2 Qd4 36. Qf3 Qd2 37. Ba1 Qc1 38. g4 Qxa1 39. Ne2 Qe5+ 40. Ng3
fxg4 41. Qxg4 h5 42. Qh3 Ng6 43. Kg1 Nf4 44. Qh2 Qg5 45. Kf1 Qg4 0-1

[Event "ZMD Open"]
[Site "Dresden"]
[Date "????.??.??"]
[Round "?"]
[White "Sponheim, M."]
[Black "Holm, S."]
[Result "1-0"]
[WhiteElo "2073"]
[BlackElo "2256"]
[PlyCount "167"]
[EventDate "2013.??.??"]

1. e4 e6 2. d4 d5 3. Nd2 dxe4 4. Nxe4 Nd7 5. Nf3 Ngf6 6. Nxf6+ Nxf6 7. Bd3 Bd6
8. O-O O-O 9. Bg5 h6 10. Bh4 b6 11. Ne5 Bb7 12. Qe2 Be7 13. c3 c5 14. dxc5 bxc5
15. Rad1 Nd5 16. Bxe7 Qxe7 17. g3 Rfd8 18. Be4 a5 19. c4 Nf6 20. Bf3 Qc7 21. b3
Bxf3 22. Nxf3 a4 23. Ne5 axb3 24. axb3 Rdb8 25. Rd3 Ra3 26. Qe3 Qb6 27. Rfd1
Ra7 28. Rd6 Qxb3 29. Nc6 Qxe3 30. fxe3 Rbb7 31. Nxa7 Rxa7 32. Kg2 Ne4 33. Rd8+
Kh7 34. Kf3 f5 35. g4 Ra2 36. gxf5 exf5 37. Kf4 Rf2+ 38. Ke5 Ng5 39. Rf8 Nf3+
40. Kd5 Nxh2 41. Kxc5 Ng4 42. Re1 h5 43. Kd6 h4 44. c5 h3 45. c6 h2 46. c7 Rd2+
47. Ke7 Rc2 48. c8=Q Rxc8 49. Rxc8 Nxe3 50. Ke6 f4 51. Rc3 Kg6 52. Rh1 Ng4 53.
Rf3 Kg5 54. Rff1 Ne3 55. Rf2 Ng4 56. Rf3 g6 57. Rff1 Ne3 58. Rf2 Kg4 59. Rfxh2
Kg3 60. Rh3+ Kg2 61. Kf6 f3 62. R1h2+ Kg1 63. Rxf3 Ng4+ 64. Kg5 Nxh2 65. Ra3
Kg2 66. Kxg6 Nf3 67. Kf5 Nd4+ 68. Ke4 Ne6 69. Ra5 Kh3 70. Re5 Ng7 71. Rg5 Ne6
72. Rg6 Nc5+ 73. Kd4 Nb3+ 74. Ke3 Nc5 75. Rc6 Nd7 76. Kf4 Kg2 77. Kf5 Kf3 78.
Ke6 Nf8+ 79. Kf5 Nd7 80. Rc3+ Kf2 81. Rc7 Nb6 82. Ke4 Ke2 83. Kd4 Kd2 84. Rb7
1-0

[Event "ZMD Open"]
[Site "Dresden"]
[Date "????.??.??"]
[Round "?"]
[White "Stock, A."]
[Black "Paul, J."]
[Result "0-1"]
[WhiteElo "2107"]
[BlackElo "2238"]
[PlyCount "80"]
[EventDate "2013.??.??"]

1. c4 Nf6 2. Nc3 c5 3. g3 d5 4. cxd5 Nxd5 5. Nxd5 Qxd5 6. Nf3 Nc6 7. Bg2 e5 8.
d3 Bg4 9. O-O Qd7 10. Be3 Rc8 11. Qa4 Bd6 12. Rfc1 b6 13. a3 O-O 14. Rab1 Nd4
15. Qxd7 Bxd7 16. Nxd4 exd4 17. Bd2 a5 18. Bd5 Rfe8 19. Re1 a4 20. e4 b5 21.
Rbc1 Be6 22. Bxe6 Rxe6 23. f4 Be7 24. Kg2 Rec6 25. Red1 g6 26. Kf3 f5 27. h3
fxe4+ 28. dxe4 c4 29. Bb4 Bxb4 30. axb4 c3 31. bxc3 Rxc3+ 32. Rxc3 dxc3 33. Ke3
Rc4 34. Kd3 Rxb4 35. Kxc3 Rxe4 36. Rd8+ Kg7 37. Kd3 Rb4 38. Rd7+ Kf6 39. Rxh7
a3 40. Kc3 Ra4 0-1

[Event "ZMD Open"]
[Site "Dresden"]
[Date "????.??.??"]
[Round "?"]
[White "Bogomolow, S."]
[Black "Scherer, F."]
[Result "1-0"]
[WhiteElo "2206"]
[BlackElo "2072"]
[PlyCount "131"]
[EventDate "2013.??.??"]

1. e4 c6 2. d4 d5 3. exd5 cxd5 4. c4 Nf6 5. Nc3 Nc6 6. Bg5 dxc4 7. Bxc4 e6 8.
Nf3 Be7 9. O-O O-O 10. Qd2 Nd5 11. Nxd5 Bxg5 12. Qxg5 Qxg5 13. Nxg5 exd5 14.
Bxd5 Nxd4 15. Rae1 Be6 16. Bxe6 Nxe6 17. Nxe6 fxe6 18. Rxe6 Rac8 19. Rfe1 Rc2
20. R6e2 Rfc8 21. f3 R8c7 22. Kf2 Kf7 23. Rxc2 Rxc2+ 24. Re2 Rc1 25. f4 h5 26.
Kf3 Kf6 27. g3 g6 28. Ke4 Rc4+ 29. Kd3 Rc6 30. Re3 Rc1 31. Re5 Rh1 32. h4 Rg1
33. Rg5 Rg2 34. Kc3 Rf2 35. a4 Rf3+ 36. Kc4 Rf2 37. b4 Rc2+ 38. Kd4 Rb2 39. Kc3
Rg2 40. a5 a6 41. Kd4 Rb2 42. Kc5 Rb3 43. Kc4 Ra3 44. Kd5 Rc3 45. Kd4 Ra3 46.
Kc4 Re3 47. b5 axb5+ 48. Kxb5 Rb3+ 49. Kc5 Kf7 50. f5 gxf5 51. Rxf5+ Kg6 52.
Rg5+ Kh6 53. Rg8 Ra3 54. Kb6 Rb3+ 55. Kc7 Rb5 56. Rg5 Rb3 57. Rd5 Kg6 58. Rg5+
Kh6 59. Rd5 Kg6 60. Rd6+ Kf5 61. Rb6 Rxg3 62. Rxb7 Rg7+ 63. Kc6 Rg4 64. Rb5+
Kg6 65. a6 Rxh4 66. a7 1-0

[Event "ZMD Open"]
[Site "Dresden"]
[Date "????.??.??"]
[Round "?"]
[White "Zimmermann, C."]
[Black "Chlost, M."]
[Result "1/2-1/2"]
[WhiteElo "2045"]
[BlackElo "2183"]
[PlyCount "109"]
[EventDate "2013.??.??"]

1. e4 c5 2. Nf3 Nc6 3. d4 cxd4 4. Nxd4 Nf6 5. Nc3 e5 6. Ndb5 d6 7. Bg5 a6 8.
Na3 b5 9. Nd5 Be7 10. Bxf6 Bxf6 11. c3 O-O 12. Nc2 Bg5 13. a4 bxa4 14. Rxa4 a5
15. Bc4 Rb8 16. b3 Kh8 17. O-O g6 18. Qe2 Bd7 19. Raa1 f5 20. Rfd1 Bh6 21. Na3
fxe4 22. Qxe4 Bf5 23. Qe2 e4 24. Ne3 Qg5 25. Rxd6 Ne5 26. Kh1 Bg4 27. Qc2 Qh5
28. Rd5 Bf4 29. Nxg4 Qxg4 30. Qxe4 Rbe8 31. Qd4 Rf5 32. Rd8 Rxd8 33. Qxd8+ Kg7
34. Be6 Qh5 35. h3 Nf7 36. Qd7 Rf6 37. Nc4 Qe2 38. Bxf7 Rxf7 39. Qd4+ Kg8 40.
Kg1 Bc7 41. Nd2 Rxf2 42. Qc4+ Qxc4 43. Nxc4 Rc2 44. Nxa5 Rxc3 45. b4 Rc2 46.
Rb1 Bxa5 47. bxa5 Ra2 48. Rb8+ Kg7 49. Ra8 Kf6 50. a6 Kg5 51. Kh2 Kh4 52. a7 g5
53. Rb8 Rxa7 54. Rb6 g4 55. hxg4 1/2-1/2

[Event "ZMD Open"]
[Site "Dresden"]
[Date "????.??.??"]
[Round "?"]
[White "Richter, L."]
[Black "Kieslich, A."]
[Result "1-0"]
[WhiteElo "2020"]
[BlackElo "2011"]
[PlyCount "85"]
[EventDate "2013.??.??"]

1. e4 c5 2. Nf3 d6 3. d4 cxd4 4. Nxd4 Nf6 5. Nc3 a6 6. Bg5 e6 7. f4 Be7 8. Qf3
Qc7 9. O-O-O Nbd7 10. Bd3 h6 11. Bh4 g5 12. fxg5 Ne5 13. Qe2 Nfg4 14. Nf3 Nxf3
15. Qxf3 hxg5 16. Bg3 Ne5 17. Bxe5 dxe5 18. Rhf1 Rh7 19. h4 Bd7 20. h5 O-O-O
21. Ne2 Kb8 22. g4 Rc8 23. Kb1 Ba4 24. Rd2 Qb6 25. c3 Bc5 26. Bc2 Bb5 27. Rfd1
Be3 28. Rd6 Qa5 29. Rd8 Rh8 30. Rxh8 Rxh8 31. Qf6 Rc8 32. Nc1 Bxc1 33. Rxc1 Qc7
34. h6 Rf8 35. h7 Qd8 36. Qxe5+ Ka8 37. Rd1 Qe8 38. Qxg5 Rh8 39. e5 Ka7 40. Qg7
Ka8 41. a4 Bc6 42. Rf1 Rf8 43. Bg6 1-0

[Event "ZMD Open"]
[Site "Dresden"]
[Date "????.??.??"]
[Round "?"]
[White "Richter, G."]
[Black "Gungl, T."]
[Result "1/2-1/2"]
[WhiteElo "2127"]
[BlackElo "1948"]
[PlyCount "80"]
[EventDate "2013.??.??"]

1. d4 d5 2. c4 c6 3. Nf3 Nf6 4. Nc3 e6 5. Bg5 dxc4 6. e4 b5 7. e5 h6 8. Bh4 g5
9. Nxg5 hxg5 10. Bxg5 Nbd7 11. g3 Bb7 12. Bg2 Qb6 13. exf6 O-O-O 14. O-O Bh6
15. Ne4 c5 16. Bxh6 Bxe4 17. Bxe4 Rxh6 18. dxc5 Nxc5 19. Qf3 Nxe4 20. Qxe4 Rxf6
21. Qe2 Rd3 22. Rad1 Rff3 23. Rxd3 Rxd3 24. Qe5 Qc6 25. Qg7 Qd7 26. h4 f5 27.
Qf8+ Kb7 28. h5 e5 29. h6 f4 30. Qg7 Qxg7 31. hxg7 Rd8 32. gxf4 Rg8 33. fxe5
Rxg7+ 34. Kh2 Kc6 35. f4 Kd5 36. Re1 Ke6 37. a3 a5 38. Rd1 Kf5 39. Rd5 b4 40.
axb4 axb4 1/2-1/2

[Event "ZMD Open"]
[Site "Dresden"]
[Date "????.??.??"]
[Round "?"]
[White "Mertens, F."]
[Black "Herbrig, T."]
[Result "1-0"]
[WhiteElo "2097"]
[BlackElo "1921"]
[PlyCount "43"]
[EventDate "2013.??.??"]

1. e4 d5 2. exd5 Qxd5 3. Nc3 Qa5 4. d4 c6 5. Bc4 Nf6 6. Nge2 Bf5 7. O-O e6 8.
Ng3 Bg6 9. f4 Bd6 10. f5 Bxg3 11. fxg6 Bxh2+ 12. Kxh2 hxg6+ 13. Kg1 Nbd7 14.
Bf4 g5 15. Bd6 g4 16. Qe2 Qh5 17. Kf2 O-O-O 18. Bd3 Qg5 19. Qe3 Qa5 20. b4 Qb6
21. Na4 g3+ 22. Ke2 1-0

[Event "ZMD Open"]
[Site "Dresden"]
[Date "????.??.??"]
[Round "?"]
[White "Heinemann, J."]
[Black "Rudolf, M."]
[Result "1-0"]
[WhiteElo "2003"]
[BlackElo "2108"]
[PlyCount "97"]
[EventDate "2013.??.??"]

1. e4 e6 2. d4 d5 3. Nc3 h6 4. Nf3 Nf6 5. Bd3 Bb4 6. exd5 exd5 7. O-O O-O 8.
Ne2 Bg4 9. Ng3 Nc6 10. c3 Bd6 11. Nf5 Ne7 12. Nxd6 Qxd6 13. Re1 Bf5 14. Ne5
Bxd3 15. Qxd3 Nd7 16. Bf4 Nxe5 17. Bxe5 Qd7 18. Qg3 Nf5 19. Qg4 g6 20. h4 Rae8
21. h5 Re6 22. Qf4 Qe7 23. Kf1 Re8 24. hxg6 fxg6 25. g4 Ng7 26. Qxh6 c6 27.
Qxg7+ Qxg7 28. Bxg7 Kxg7 29. Rxe6 Rxe6 30. Re1 Rf6 31. Re7+ Kh6 32. Rxb7 Kg5
33. Rxa7 Kxg4 34. Kg2 Kf4 35. Re7 g5 36. a4 Rf8 37. Rc7 Ra8 38. b3 Ra6 39. Rf7+
Ke4 40. Rf3 g4 41. Re3+ Kf4 42. Re1 Ra8 43. Ra1 Ke4 44. Rd1 Kf4 45. Re1 Ra7 46.
Re6 Ra6 47. Kf1 Kf3 48. Rf6+ Ke4 49. Ke2 1-0

[Event "ZMD Open"]
[Site "Dresden"]
[Date "????.??.??"]
[Round "?"]
[White "Sturm, T."]
[Black "Steinert, F."]
[Result "1/2-1/2"]
[WhiteElo "2030"]
[BlackElo "1931"]
[PlyCount "88"]
[EventDate "2013.??.??"]

1. d4 Nf6 2. Nf3 c5 3. d5 d6 4. c4 b5 5. cxb5 a6 6. bxa6 g6 7. Nc3 Bxa6 8. Nd2
Bg7 9. e4 Bxf1 10. Nxf1 Nbd7 11. Ne3 O-O 12. O-O Ra7 13. Qc2 Qa8 14. a4 Rb8 15.
Rb1 Ne8 16. b3 Rab7 17. Nb5 Nc7 18. Nxc7 Rxc7 19. Nc4 Rcb7 20. Bd2 Ne5 21. h3
Qa6 22. Na5 Rb4 23. Bxb4 Rxb4 24. Nc4 h5 25. Na3 Qd3 26. Rfe1 Qa6 27. Qa2 Rb8
28. Qe2 Qxe2 29. Rxe2 Nd3 30. Rc2 f5 31. exf5 gxf5 32. Nb5 Kf7 33. Rd1 Nb4 34.
Re2 Be5 35. g3 Rg8 36. Kh1 f4 37. gxf4 Bxf4 38. Re4 Be5 39. f4 Bf6 40. Kh2 h4
41. Re3 Ra8 42. Nc7 Ra7 43. Ne6 Kg6 44. Nd8 Kf5 1/2-1/2

[Event "ZMD Open"]
[Site "Dresden"]
[Date "????.??.??"]
[Round "?"]
[White "Schackmann, O."]
[Black "Müller, M."]
[Result "0-1"]
[WhiteElo "1903"]
[BlackElo "2264"]
[PlyCount "116"]
[EventDate "2013.??.??"]

1. e4 c5 2. Nf3 d6 3. d4 cxd4 4. Qxd4 Nc6 5. Bb5 Bd7 6. Bxc6 Bxc6 7. Nc3 Nf6 8.
Bg5 e6 9. O-O-O Be7 10. Qd3 Qa5 11. h4 h6 12. Bxf6 Bxf6 13. Nd4 O-O 14. f4 Rac8
15. g4 Bxd4 16. Qxd4 Rfd8 17. f5 b5 18. fxe6 fxe6 19. Kb1 b4 20. Ne2 Qb5 21. c4
bxc3 22. Nxc3 Qb7 23. h5 a5 24. a3 Rb8 25. Rh2 Qe7 26. Qe3 Be8 27. Ka1 Bf7 28.
Rg1 Qg5 29. Qxg5 hxg5 30. Rd2 Kf8 31. Nd1 Rb3 32. Nc3 Ke7 33. e5 d5 34. Rd4 Be8
35. Ka2 Rdb8 36. Rg2 Bd7 37. Rdd2 R3b7 38. Ne2 Rf8 39. Ng1 Bb5 40. Rgf2 Bc4+
41. Kb1 Rb3 42. Rxf8 Kxf8 43. Rf2+ Ke7 44. Nf3 Re3 45. Nxg5 Rxe5 46. Rf7+ Kd6
47. Rxg7 Re1+ 48. Kc2 d4 49. h6 d3+ 50. Kc3 Rc1+ 51. Kd2 Rc2+ 52. Kd1 Rh2 53.
Nf3 Rxh6 54. Kd2 Rf6 55. Ng5 Rf2+ 56. Ke3 Re2+ 57. Kf3 Bd5+ 58. Kg3 d2 0-1

[Event "ZMD Open"]
[Site "Dresden"]
[Date "????.??.??"]
[Round "?"]
[White "Grohde, W."]
[Black "Rother, M."]
[Result "0-1"]
[WhiteElo "2141"]
[BlackElo "2136"]
[PlyCount "144"]
[EventDate "2013.??.??"]

1. d4 d5 2. c4 c6 3. Nf3 Nf6 4. cxd5 cxd5 5. Nc3 Nc6 6. Bf4 Bf5 7. Qb3 Na5 8.
Qa4+ Bd7 9. Qc2 Rc8 10. e3 Ne4 11. Bd3 Nxc3 12. bxc3 e6 13. Rb1 h6 14. O-O Be7
15. Ne5 a6 16. e4 dxe4 17. Bxe4 b5 18. Qe2 O-O 19. Qf3 Be8 20. Qh3 f5 21. Bc2
Bf6 22. Rbd1 Qd5 23. Bb1 Bxe5 24. Bxe5 Nc4 25. Rfe1 Bc6 26. Rd3 Qd7 27. Rg3
Nxe5 28. Rxe5 Rf6 29. Rge3 Bd5 30. Qh5 Qf7 31. Qe2 Qb7 32. f4 b4 33. g3 bxc3
34. Bd3 Qc6 35. Qc2 Rb8 36. Bf1 Rb2 37. Qxc3 Qxc3 38. Rxc3 Rxa2 39. Ree3 Rf7
40. Ra3 Rb2 41. Re2 Rb1 42. Kf2 Bc4 43. Re1 Rb2+ 44. Kg1 Bxf1 45. Rxf1 Rc7 46.
Rf2 Rc1+ 47. Kg2 Rcc2 48. Rxc2 Rxc2+ 49. Kf3 Rxh2 50. Rxa6 Kf7 51. Ra7+ Kf6 52.
Ra6 Rd2 53. Ke3 Rd1 54. Rd6 Ke7 55. Ra6 g5 56. Ra7+ Kf6 57. Rh7 Kg6 58. Rd7 Kh5
59. Ke2 Ra1 60. Rd6 Ra2+ 61. Kf3 Ra3+ 62. Kf2 Kg4 63. Rxe6 Rxg3 64. Rxh6 Kxf4
65. d5 Rd3 66. d6 Rd2+ 67. Ke1 Rd5 68. Kf2 Ke5 69. Rg6 g4 70. Kg3 Rd3+ 71. Kf2
Rxd6 72. Rg8 Kf4 0-1

[Event "ZMD Open"]
[Site "Dresden"]
[Date "????.??.??"]
[Round "?"]
[White "Schellmann, F."]
[Black "Pietzsch, M."]
[Result "0-1"]
[WhiteElo "2121"]
[BlackElo "2086"]
[PlyCount "98"]
[EventDate "2013.??.??"]

1. e4 c5 2. c3 d5 3. exd5 Qxd5 4. d4 Nc6 5. Nf3 Bf5 6. Be3 cxd4 7. Nxd4 Bxb1 8.
Qxb1 Nxd4 9. Bxd4 Nf6 10. Qd3 O-O-O 11. Qc4+ Kb8 12. Qxd5 Nxd5 13. O-O-O Nb6
14. Be5+ Kc8 15. Rxd8+ Kxd8 16. Be2 h5 17. Bb8 a6 18. Bf3 Kc8 19. Ba7 Kc7 20.
Rd1 Nc8 21. Be3 e5 22. Bd5 f6 23. Be6 Bd6 24. c4 Kc6 25. Kb1 Bc5 26. Bd5+ Kb6
27. Bxc5+ Kxc5 28. Bxb7 a5 29. Bxc8 Rxc8 30. Rd5+ Kxc4 31. Rxa5 Kd3 32. Ra7 Ke2
33. f3 g5 34. Ra6 f5 35. Ra5 e4 36. fxe4 fxe4 37. Rxg5 e3 38. Rxh5 Kf2 39. Re5
e2 40. g4 e1=Q+ 41. Rxe1 Kxe1 42. g5 Kd2 43. a4 Kd3 44. h4 Rh8 45. Ka2 Kc4 46.
a5 Kb5 47. Kb3 Rxh4 48. a6 Kxa6 49. Kc3 Rg4 0-1

[Event "ZMD Open"]
[Site "Dresden"]
[Date "????.??.??"]
[Round "?"]
[White "Hansch, S."]
[Black "Wilhelm, T."]
[Result "1/2-1/2"]
[WhiteElo "1980"]
[BlackElo "2013"]
[PlyCount "72"]
[EventDate "2013.??.??"]

1. d4 Nf6 2. c4 g6 3. g3 Bg7 4. Bg2 O-O 5. Nc3 d6 6. Nf3 Nc6 7. O-O a6 8. Qd3
e5 9. d5 Ne7 10. e4 Nd7 11. Be3 Nc5 12. Bxc5 dxc5 13. Qe3 b6 14. Rfd1 Qd6 15.
a3 Bd7 16. Bf1 a5 17. Nd2 Nc8 18. Bd3 Qe7 19. Bc2 Nd6 20. Ba4 Bxa4 21. Nxa4 f5
22. Nc3 f4 23. Qe2 fxg3 24. fxg3 Bh6 25. b3 Qg5 26. Nf1 Rf7 27. Rd3 Raf8 28. h4
Qh5 29. Qxh5 gxh5 30. Nh2 Rg7 31. Rf1 Rxf1+ 32. Kxf1 Bc1 33. a4 Bb2 34. Kg2
Bxc3 35. Rxc3 Nxe4 36. Re3 Nd2 1/2-1/2

[Event "ZMD Open"]
[Site "Dresden"]
[Date "????.??.??"]
[Round "?"]
[White "Bösch, D."]
[Black "Zahn, A."]
[Result "1-0"]
[WhiteElo "2077"]
[BlackElo "1985"]
[PlyCount "79"]
[EventDate "2013.??.??"]

1. c4 e6 2. d4 d5 3. Nc3 Nf6 4. cxd5 exd5 5. Bg5 Nbd7 6. e3 Be7 7. Qc2 c6 8.
Bd3 O-O 9. Nge2 Re8 10. O-O h6 11. Bf4 Nf8 12. f3 Ne6 13. Bg3 Bd6 14. Rae1 Ng5
15. Bf2 Qc7 16. Ng3 Bd7 17. Kh1 a6 18. e4 dxe4 19. fxe4 Ng4 20. e5 Bb4 21. Bg1
c5 22. Nd5 Qc6 23. Nxb4 cxb4 24. Qxc6 Bxc6 25. Bf5 h5 26. Nxh5 Nh6 27. Bd3 Ne6
28. h3 Rad8 29. Be3 Kf8 30. Bc4 Re7 31. Rd1 Bd5 32. b3 Rc7 33. Ng3 Ng8 34. Nf5
Bxc4 35. bxc4 Rdd7 36. d5 Nd8 37. Nd6 Re7 38. Bb6 Rcd7 39. Bc5 Rxe5 40. Nxf7+
1-0

[Event "ZMD Open"]
[Site "Dresden"]
[Date "????.??.??"]
[Round "?"]
[White "Kempen, W."]
[Black "Ditmas, H."]
[Result "0-1"]
[WhiteElo "2059"]
[BlackElo "1997"]
[PlyCount "34"]
[EventDate "2013.??.??"]

1. Nf3 Nf6 2. g3 e6 3. c4 d5 4. cxd5 exd5 5. d4 c6 6. Bg2 Bd6 7. O-O O-O 8. Bg5
Nbd7 9. Nc3 h6 10. Bxf6 Nxf6 11. Ne5 Re8 12. Nf3 Bf5 13. Rc1 Qb6 14. b3 Ba3 15.
Ra1 Qa5 16. e4 dxe4 17. Nh4 Bh7 0-1